1500 1718 1412 1732 1123 1199 1170 1936 1242 1125 1442 1750 1730 1059 1058 1088 1727 1402 1924 1231 1814 1941 1861 1666 1218 1116 1429 1670 1918 1835 1017 1534 1731 1884 1068 1701 1545 1866 1517 1508 1323 1396 1491 1911 1795 1383 1670 1557 1852 1054 1556 1803 1396 1507 1199 1649 1640 1274 1111 1538 1932 1718 1839 1001 1716 1612 1811 1372 1082 1119 1894 1805 1813 1664 1264 1830 1123 1797 1822 1653 1854 1809 1678 1870 1060 1042 1757 1487 1926 1493 1352 1385 1870 1437 1980 1229 1353 1496 1220 BCNSPRNW ULIB Ver.6.0+V

เปลี่ยนเป็นภาษาไทย

Change to English
 แสดงรายละเอียดบรรณานุกรม
  กลับหน้าหลัก

Brief Record : Get Marc (ISO 2709) : E-mail record : QR code < ปิดหน้าต่าง
LEADER : 00000nam 2200000uu 4500
001    13399127108
003     ULIB
008    191010s2562||||th 000 0 tha d
020    ^a9786160444441
060    ^aWS103^bS-ด
100    ^aSUNGYEON KANG
245    ^aได้ยินไหมหัวใจมีเสียง ชุดนิทานวิทยาศาสตร์พัฒน นาทักษะสมอง EF (เรียนรู้เรื่องหัวใจและระบบไหลเวียนเลือด)
250    ^aพิมพ์ครั้งที่ 1
260    ^aกรุงเทพฯ :^bนานมีบุ๊คส์คิดดี้,^c2562
300    ^a28 หน้า;^b21 ซม.
650    ^aเด็ก^xการเรียนการสอน
945    ^p98^l0^i006296
999    ^aประนอม เกษจรัล
รายการนี้ยังไม่มีแท็ก
คุณยังไม่ได้ล็อกอิน คุณสามารถมีกิจกรรมร่วมกับเว็บไซต์ได้ แต่ต้องล็อกอินก่อน ::
  ล็อกอิน

รายการสื่อสารสนเทศ

ลำดับที่ ประเภท เลขเรียก/บาร์โค้ด สถานที่ สถานะ
1. วิทยาศาสตร์การแพทย์ และสุขภาพ
วิทยาศาสตร์การแพทย์ และสุขภาพ
WS103 S-ด ฉ.1 
  Barcode: 006296
ห้องสมุดวิทยาเขตสวรรค์ประชารักษ์
►หนังสือทั่วไป
บนชั้น

BibComment


ยังไม่เคยถูกคอมเมนท์

คอมเมนท์ทรัพยากรรายการนี้
  คอมเมนท์: ได้ยินไหมหัวใจมี..


 Copyright 2026. Bcnsprnw @Library